000 00661cam a22002293a 4500
001 13328
003 PGUSA
005 20140828083303.0
008 040830s2004||||xxu|||||s|||||000 | eng d
040 _aPGUSA
_beng
042 _adc
050 4 _aPT
100 1 _aGoethe, Johann Wolfgang von,
_d1749-1832
245 1 0 _aTorquato Tasso
_h[electronic resource] /
_cJohann Wolfgang von Goethe
260 _bProject Gutenberg,
_c2004
506 _aPublic domain in the USA.
516 _aElectronic text
653 _aTasso, Torquato, 1544-1595 -- Drama
830 0 _aProject Gutenberg
_v13328
856 4 0 _uhttp://www.gutenberg.org/ebooks/13328
942 _cEB
999 _c242583
_d242583